000 00666nam a2200217 a 4500
999 _c2392
_d2392
001 2392
003 BD-JhCC
005 20171101195545.0
008 171101s1987 bg a|||| |||| 00| 0 ben d
035 _a(BD-JhCC)2392
040 _aBD-JhCC
_dBD-JhCC
041 _aben
082 _222
_a830
_bMUK 1987
100 _aমকসুদ, আবুল, সৈয়দ
245 _aজার্মানীর জর্নাল /
_cসৈয়দ আবুল মকসুদ
260 _aঢাকা :
_bমুক্তধারা,
_c১৯৮৭
300 _a130 p. :
_c22cm.
650 _aPravelogue
_xGermany Literature
942 _2ddc
_cBK